000 00764nam a22002057c 4500
999 _c458972
_d458972
001 216216951
003 UA-OsUOA
005 20200423130042.0
007 cr aa aacaa
008 200423b un ||||| ||j| 00| 0 ukr d
040 _aUA-OsUOA
_bukr
_cUA-OsUOA
_dUA-OsUOA
041 _aukr
080 _a340
090 _a340.6
245 _aСудова медицина
_bелектронний підручник
_cза загальною редакцією професора В. Д. Мішалова
650 _2340 Право загалом
856 4 0 _uhttps://nmapo.edu.ua/s/np/k/sudovoi-medytsyny/pidruchnyky-ta-posibnyky/3535-elektronnij-pidruchnik-sudova-meditsina-za-zagalnoyu-redaktsieyu-profesora-v-d-mishalova
942 _2udc
_cEB
955 _a2